[Event "ch-CHN Women 2021"]
[Site "Xinghua CHN"]
[Date "2021.05.15"]
[Round "11.4"]
[White "Tan, Zhongyi"]
[Black "Zhu, Jiner"]
[Result "0-1"]
[WhiteTitle "GM"]
[BlackTitle "WGM"]
[WhiteElo "2510"]
[BlackElo "2459"]
[WhiteFideId "8603642"]
[BlackFideId "8608059"]
[EventDate "2021.05.07"]

1. c4 Nf6 2. Nc3 e6 3. d4 Bb4 4. Qc2 c5 5. dxc5 O-O 6. a3 Bxc5 7. Nf3 a6 8. Bg5
Be7 9. e4 d6 10. h3 Nbd7 11. Be2 b6 12. O-O Bb7 13. Rad1 Qc7 14. Rfe1 h6 15. Bf4
Rfd8 16. Bf1 Rac8 17. Rd2 Qb8 18. b4 e5 19. Nd5 Nxd5 20. exd5 b5 21. c5 Bf6 22.
Bxh6 dxc5 23. Ng5 Nf8 24. Ne4 Be7 25. Qd1 gxh6 26. bxc5 Bxc5 27. Nf6+ Kg7 28.
Nh5+ Kh8 29. Qg4 Ng6 30. Bd3 Qd6 31. Bf5 Rc7 32. Ng3 Qf8 33. Red1 Bd4 34. Rxd4
exd4 35. Qxd4+ Qg7 36. Qb6 Qe5 37. f4 Qd6 38. Qd4+ Kg8 39. Ne4 Rc4 40. Nf6+ Kh8
41. Qb2 Rxf4 42. Nh5+ f6 43. Bxg6 Qc5+ 44. Kh1 Rf2 45. Qb1 Qe3 46. Bf7 Rf8 47.
Be6 Qg5 48. Bg4 Bxd5 49. Qb4 Re8 50. Qd4 Bxg2+ 51. Kg1 Bxh3 52. Kxf2 Bxg4 53.
Nxf6 Rf8 54. Qxg4 Qxg4 0-1

[Event "ch-CHN Women 2021"]
[Site "Xinghua CHN"]
[Date "2021.05.15"]
[Round "11.5"]
[White "Xiao, Yiyi"]
[Black "Ren, Xiaoyi"]
[Result "0-1"]
[WhiteTitle "WGM"]
[BlackTitle "WIM"]
[WhiteElo "2301"]
[BlackElo "2267"]
[WhiteFideId "8606161"]
[BlackFideId "8608709"]
[EventDate "2021.05.07"]

1. d4 d5 2. Nc3 Bf5 3. Bf4 e6 4. f3 Bb4 5. e3 Nf6 6. g4 Bg6 7. h4 h5 8. g5 Nfd7
9. Bd3 Bxd3 10. Qxd3 c5 11. Ne2 Nc6 12. a3 c4 13. Qd1 Ba5 14. Kf2 Bc7 15. Qd2 g6
16. Rad1 Bxf4 17. Nxf4 Qe7 18. e4 dxe4 19. Nxe4 O-O-O 20. d5 Nc5 21. d6 Nxe4+
22. fxe4 Qd7 23. Qc3 e5 24. Nd5 Qe6 25. Qxc4 Rxd6 26. b4 Kb8 27. Ne3 Rd4 28.
Qxe6 fxe6 29. c3 Rf8+ 30. Ke2 Rxe4 31. Rd7 Rff4 32. Rhd1 Rxh4 33. Kd3 Ref4 34.
Rg7 Rh3 35. b5 Nd4 36. Rxg6 Nf5 37. Rxe6 Nxe3 38. Rg1 Nd5+ 39. Kd2 Rf2+ 40. Ke1
Rb2 41. Rxe5 Rxc3 0-1

[Event "ch-CHN Women 2021"]
[Site "Xinghua CHN"]
[Date "2021.05.15"]
[Round "11.6"]
[White "Zhai, Mo"]
[Black "Yuan, Ye"]
[Result "1-0"]
[WhiteTitle "WGM"]
[WhiteElo "2366"]
[BlackElo "2081"]
[WhiteFideId "8600201"]
[BlackFideId "8608415"]
[EventDate "2021.05.07"]

1. d4 d5 2. Bg5 Nf6 3. e3 Bf5 4. Bxf6 exf6 5. Bd3 Bxd3 6. Qxd3 c6 7. Nd2 Bd6 8.
Ne2 O-O 9. g4 Nd7 10. h4 Re8 11. O-O-O Nf8 12. Rdg1 Qe7 13. g5 Qe6 14. gxf6 Qxf6
15. Rg2 Kh8 16. Kb1 a5 17. e4 dxe4 18. Nxe4 Qe7 19. f3 Ne6 20. a3 Nf4 21. Nxf4
Bxf4 22. Rg4 Bh6 23. Ng5 g6 24. Re4 Qf6 25. Qb3 Rf8 26. Qe3 Kg7 27. f4 Rad8 28.
h5 Rd5 29. hxg6 Bxg5 30. fxg5 Qxg6 31. Reh4 Rh8 32. Rh6 Qxg5 33. Qf2 f6 34. Qh2
Qf5 35. Qg3+ Kf7 36. Rg1 Re8 37. Qg7+ Ke6 38. Re1+ 1-0